| 000 | 01250ncm a2200337 c 4500 | ||
|---|---|---|---|
| 999 |
_c350500 _d350500 |
||
| 003 | BLK | ||
| 005 | 20201007040700.0 | ||
| 008 | 180414b bul |a|er|||| |0| c|bulo| | ||
| 010 | _aNOT00003027000 | ||
| 040 | _aBLK | ||
| 041 |
_aDEU _cDEU |
||
| 080 |
_aКларинет, баскларинет, басетхорн _b788.6 _z788.6 |
||
| 100 |
_aBruns, Victor _eпърви автор _9403250 |
||
| 139 |
_aBruns, Victor _bБ 82 |
||
| 245 | 1 | 0 |
_aKonzert fur Klarinette und Orchester _bAufgabe fur Klarinette und Klavier _cVictor Bruns. _sOр.26 |
| 254 | _aКлавир+щимове | ||
| 257 | _aDEU | ||
| 260 |
_bFriedrich Hofmeister _c1980 _9402638 _aLeipzig |
||
| 300 |
_a31 с. _c30 см _e11 c. щим |
||
| 380 | _a7 | ||
| 490 |
_9403029 _aHofmeister Studienwerke |
||
| 650 | 4 |
_aКларинет - концерти, концертини _9353187 |
|
| 653 | _aкларинети | ||
| 653 | _aконцерти | ||
| 700 |
_aБрунс, Виктор _eпърви автор _91299 |
||
| 852 |
_aЦб М ІІ 9190 _p0 |
||
| 856 | 4 |
_qpdf _u |
|
| 856 | 4 |
_qpdf _u |
|
| 942 |
_cNOT _n0 _s1 |
||
| 944 |
_aCR _c22.05.2009 _kИрена_Линкова |
||
| 944 |
_aED _c21.07.2015 _kИрена_Линкова |
||
| 999 | _d350500 | ||
| 999 | _d350500 | ||
| 999 | _d314616 | ||